First-Level Subdivisions of Israel - Statistics

General Stats
  • This quiz has been taken 13 times
  • The average score is 6 of 12
Answer Stats
Status Answer % Correct
Mahoz Tel Aviv
100%
Occupied Gaza Strip
89%
Mahoz Jerusalem
89%
Occupied West Bank
67%
Occupied Golan Heights
56%
Mahoz Haifa
44%
Mahoz Northern
44%
Mahoz Southern
44%
Mahoz Central
33%
Occupied East Jerusalem
22%
Mahoz Judea and Samaria
22%
Occupied Southern Lebanon
22%
No matching quizzes found
Score Distribution
Percent of People with Each Score
Percentile by Number Answered
Your Score History
You have not taken this quiz